Evaluación del potencial de daño de sismos recientes en Costa Rica.
Kaydedildi:
| Yazar: | |
|---|---|
| Diğer Yazarlar: | |
| Materyal Türü: | Kitap |
| Baskı/Yayın Bilgisi: |
[San José, Costa Rica] : Universidad de Costa Rica, Facultad de Ingeniería, Instituto de Investigaciones en Ingeniería, Laboratorio de Ingeniería Sísmica
1996
|
| Etiketler: |
Etiketle
Etiket eklenmemiş, İlk siz ekleyin!
|
MARC
| LEADER | 00000nam a2200000Ia 4500 | ||
|---|---|---|---|
| 003 | PI0017 | ||
| 005 | 20231101135804.0 | ||
| 008 | 140116s1996 c a 000 ||s d | ||
| 040 | |c cru CEDI | ||
| 090 | |a PI 17 | ||
| 100 | |a Cruz Azofeifa, Miguel Francisco, 1956- |9 1717 | ||
| 245 | |a Evaluación del potencial de daño de sismos recientes en Costa Rica. | ||
| 260 | |a [San José, Costa Rica] : Universidad de Costa Rica, Facultad de Ingeniería, Instituto de Investigaciones en Ingeniería, Laboratorio de Ingeniería Sísmica |c 1996 | ||
| 500 | |a Informe Parcial de proyecto de investigación Julio 1996 . No. 731-96-292 Informe Final de proyecto de investigación Mayo 1997 No. 731-96-292 | ||
| 700 | |9 18125 |a Infante H, Eduardo | ||
| 942 | |c PI |h PI-17 |i PI0017 |6 PI_17_PI0017 | ||
| 999 | |c 13185 |d 13185 | ||
